000 00407nam a2200169Ia 4500
008 210210b2003 xxu||||| |||| 00| 0 eng d
020 _a0 19 566828 6
082 _a598 GRIB
100 _aGRIMMETT (Richard)
245 _aBirds of Northern India.
260 _aND
_bOxford University Pres
_c2003
300 _a304
650 _aBirds
690 _aBirds
700 _aInskipp (Tim).
906 _a059708
999 _c106737
_d106737